000 00449nam a2200169Ia 4500
999 _c30317
_d30317
003 0100
005 20190124091621.0
008 130303s9999 xx 000 0 und d
040 _cARRUPELIB
050 _aGN780.42.Z5 H84 1974
100 _aHuffman, Thomas N
_931795
245 4 _aThe leopard's Kopje tradition
_cThomas N. Huffman
260 _aSalisbury
260 _bTrustees of the National Museums and Monuments of Rhodesia
260 _c1974
300 _a150p. ;
_c25cm
650 _aIron age
_zZimbabwe
_944113
651 _aZimbabwe
_xAntiquities
_99546
700 _aThomas N Huffman
_944114
942 _2lcc
_cMONOGRAPH